[Event "SRI-ch Dini"]
[Site "Colombo"]
[Date "2024.07.29"]
[Round "1"]
[White "Jayaweera, Sayuni Gihansa"]
[Black "Fernando, Diyon Senuth Randil"]
[Result "1/2-1/2"]
[WhiteElo "1734"]
[BlackElo "1615"]
[PlyCount "77"]
[EventDate "2024.07.29"]
[EventType "swiss"]
[EventRounds "10"]
[EventCountry "SRI"]
[SourceTitle "CB32_2024"]
[SourceDate "2024.08.08"]
[SourceVersion "1"]
[SourceVersionDate "2024.08.08"]
[SourceQuality "1"]

1. d4 Nf6 2. c4 e6 3. g3 d5 4. Nf3 Bb4+ 5. Bd2 Bxd2+ 6. Nbxd2 0-0 7. Bg2 b6 8. 0-0 Bb7 9. Ne5 Nbd7 10. Qa4 Nxe5 11. dxe5 Nd7 12. f4 Qe7 13. cxd5 Bxd5 14. Rac1 Nc5 15. Qc2 Bxg2 16. Kxg2 a5 17. Ne4 Rfd8 18. Nxc5 Qxc5 19. Qxc5 bxc5 20. Rfd1 Kf8 21. Kf3 Rxd1 22. Rxd1 Rb8 23. b3 c4 24. bxc4 Rb4 25. Rd8+ Ke7 26. Ra8 Ra4 27. Ke3 Rxa2 28. Kd3 Ra1 29. e4 Ra2 30. Kd4 h5 31. Kc5 Rxh2 32. Rxa5 Rh3 33. Kc6 Rxg3 34. Ra7 h4 35. Rxc7+ Ke8 36. Rc8+ Ke7 37. Rc7+ Ke8 38. Rc8+ Ke7 39. Rc7+ 1/2-1/2